Famous People from Maine - Statistics

General Stats
  • This quiz has been taken 48 times
  • The average score is 4 of 16
Answer Stats
Picture Answer % Correct
Stephen King
85%
Anna Kendrick
65%
Patrick Dempsey
45%
Susan Collins
35%
Erin Andrews
30%
Olympia Snowe
25%
Brett Brown
20%
Mike Brown
20%
Christopher Knight
18%
Linda Lavin
18%
Duncan Robinson
15%
George Mitchell
15%
Andrea Martin
10%
Brian Dumoulin
8%
Katie Aselton
5%
Rachel Nichols
5%
No matching quizzes found
Score Distribution
Percent of People with Each Score
Percentile by Number Answered
Your Score History
You have not taken this quiz